| 000 | 01292nam a2200241 a 4500 | ||
|---|---|---|---|
| 001 | 21222 | ||
| 003 | CO-ViMGA | ||
| 008 | 141112s2004 ck r 000 u spa d | ||
| 020 | _a8420529893 | ||
| 040 |
_aCO-ViMGA _bspa _cCO-ViMGA |
||
| 082 | 0 | 4 | _a152 P453b |
| 100 | 1 |
_aPinel, Jhon P.J. _930250 |
|
| 245 | 1 | 0 | _aBiopsicología |
| 250 | _a4 | ||
| 260 |
_aMadrid; Prentice Hall, _c2001 |
||
| 300 | _a664 | ||
| 505 | _aLa biopsicología como neurociencia Cuáles son las divisiones de la biopsicología 10 - - Evolución, genética y experiencia Fundamentos de genética 25 - - Antomía del sistema nervioso Tecnicas y orientaciones neuroanátomicas 58 - - Metodos de estudio del sistema nervioso Pruebas neuropsicológicas 144 - - Mecanismo de la percepción, la conciencia y la atención 217 - - El sistema sensoriomotor Corteza de asociación sensoriomotora 258 - - Hormonas y sexo El hipotálamo y el comportamiento sexual 350 - - Memoria y amnesia Efectos amnesicos de la lobectomía temporal medial bilateral 432 | ||
| 590 | _aForma de adquisición : Compra fact. 0855 - - Precio : 110000 - - Proveedor : Temas y libros - - Fecha de adquisición : Mayo 2007 | ||
| 650 | 1 | 4 |
_aCONDUCTA (PSICOLOGIA) _92684 |
| 650 | 1 | 4 |
_aPSICOBIOLOGIA _930251 |
| 650 | 1 | 4 | _aPSICOLOGIA |
| 942 |
_2ddc _cBK |
||
| 999 |
_c29861 _d29861 |
||